| 000 | 00556nam a2200193 a 4500 | ||
|---|---|---|---|
| 005 | 20230218063628.0 | ||
| 008 | 081110s1953 mx r 000 0 spa d | ||
| 035 | _aUPN01000167798 | ||
| 049 | _aUNE | ||
| 050 | 4 |
_aHM1271 _bC8.4 |
|
| 245 | 0 | 0 |
_aCultural patterns and technical change/ _ced. Margaret Mead. |
| 260 |
_aParis : _bUNESCO, _c1953, |
||
| 300 | _a348 p. | ||
| 440 | 0 | _aTensions and technology | |
| 650 | 4 |
_aMulticulturalismo _95798 |
|
| 650 | 4 |
_aESTUDIOS INTERCULTURALES _922051 |
|
| 700 | 1 |
_aMead, Margaret, _d1901-1978 _eed. |
|
| 905 | _aLibro | ||
| 999 |
_c139909 _d139909 |
||